Better English Pronunciation (Record no. 329235)
[ view plain ]
| 000 -LEADER | |
|---|---|
| fixed length control field | 00916nam a22002537a 4500 |
| 003 - CONTROL NUMBER IDENTIFIER | |
| control field | Nust |
| 005 - DATE AND TIME OF LATEST TRANSACTION | |
| control field | 20170427165614.0 |
| 008 - FIXED-LENGTH DATA ELEMENTS--GENERAL INFORMATION | |
| fixed length control field | 131219b xxu||||| |||| 00| 0 eng d |
| 020 ## - INTERNATIONAL STANDARD BOOK NUMBER | |
| International Standard Book Number | 0521682584 |
| Terms of availability | Available |
| 040 ## - CATALOGING SOURCE | |
| Original cataloging agency | DLC |
| Language of cataloging | DLC |
| Transcribing agency | RCMS |
| 050 ## - LIBRARY OF CONGRESS CALL NUMBER | |
| Classification number | 428.34OCO |
| Item number | 000705 |
| 082 ## - DEWEY DECIMAL CLASSIFICATION NUMBER | |
| Edition number | 2nd ed. |
| Classification number | 428.1 OCO |
| 100 ## - MAIN ENTRY--PERSONAL NAME | |
| Personal name | O'Connor,J.D |
| 245 ## - TITLE STATEMENT | |
| Title | Better English Pronunciation |
| 250 ## - EDITION STATEMENT | |
| Edition statement | 2nd ed. |
| 260 ## - PUBLICATION, DISTRIBUTION, ETC. | |
| Place of publication, distribution, etc. | UK |
| Name of publisher, distributor, etc. | Cambridge University Press |
| Date of publication, distribution, etc. | c1980 |
| 300 ## - PHYSICAL DESCRIPTION | |
| Extent | x,150,p: |
| Other physical details | ill: |
| Dimensions | 22,cm. |
| 500 ## - GENERAL NOTE | |
| General note | P.B |
| 538 ## - SYSTEM DETAILS NOTE | |
| Display text | Shelf No 13 Row No 1 |
| 650 ## - SUBJECT ADDED ENTRY--TOPICAL TERM | |
| Topical term or geographic name entry element | Foreign Language Study |
| 856 ## - ELECTRONIC LOCATION AND ACCESS | |
| Materials specified | Table of Content Only |
| 942 ## - ADDED ENTRY ELEMENTS (KOHA) | |
| Source of classification or shelving scheme | |
| Koha item type | Book |
| Call number prefix | 428.1 OCO |
| Withdrawn status | Lost status | Source of classification or shelving scheme | Damaged status | Not for loan | Collection code | Permanent Location | Current Location | Shelving location | Date acquired | Total Checkouts | Full call number | Barcode | Date last seen | Price effective from | Koha item type |
|---|---|---|---|---|---|---|---|---|---|---|---|---|---|---|---|
| Institute of Environmental Science and Engineering (IESE) | Institute of Environmental Science and Engineering (IESE) | General Stacks | 04/27/2017 | 428.1 OCO | IESE-1420 | 04/27/2017 | 04/27/2017 | Book | |||||||
| Institute of Environmental Science and Engineering (IESE) | Institute of Environmental Science and Engineering (IESE) | General Stacks | 04/27/2017 | 428.1 OCO | IESE-1421 | 04/27/2017 | 04/27/2017 | Book |
